Movie Judges Quiz Stats

 Plays Quiz Updated Nov 5, 2014

Score 0/20 Timer 05:00
4 Plays Today
Movie % Correct
Alice in Wonderland
79.5%
Judge Dredd
71.7%
A Few Good Men
69.9%
Who Framed Roger Rabbit
68.7%
Caddyshack
59.9%
My Cousin Vinny
54.2%
To Kill a Mockingbird
53.6%
The Dark Knight Rises
44%
Miracle on 34th Street
27.8%
Liar Liar
23.8%
Movie % Correct
Sweeney Todd
20.3%
A Time to Kill
16.7%
Amistad
15.4%
Inherit the Wind
14.4%
The Life and Times of Judge Roy Bean
13.8%
Judgment at Nuremberg
10.3%
...And Justice for All
10.3%
The Natural
9.8%
Bee Movie
8.2%
Anatomy of a Murder
8.2%

You're not logged in!

Compare scores with friends on all Sporcle quizzes.
OR
Log In

Show Comments

Extras

Top Quizzes Today


Score Distribution

Your Account Isn't Verified!

In order to create a playlist on Sporcle, you need to verify the email address you used during registration. Go to your Sporcle Settings to finish the process.

Report this User

Report this user for behavior that violates our Community Guidelines.

Details: